Minimally proccessed refrigerated fruits and vegetables
-д хадгалсан:
| Үндсэн зохиолч: | |
|---|---|
| Формат: | Ном |
| Хэл сонгох: | англи |
| Хэвлэсэн: |
Nueva York
Chapman & Hall
1994
|
| Нөхцлүүд: | |
| Шошгууд: |
Шошго нэмэх
Шошго байхгүй, Энэхүү баримтыг шошголох эхний хүн болох!
|
MARC
| LEADER | 00000nam a2200000 a 4500 | ||
|---|---|---|---|
| 001 | UCZ6301 | ||
| 003 | CL-VaPUC | ||
| 008 | 951211e19940000US |||||||||||||||||eng|d | ||
| 082 | 0 | 4 | |a 664.85 |b WIL |2 21 |
| 100 | 0 | |a Wiley, Robert C |e author |9 350548 | |
| 245 | 1 | 0 | |a Minimally proccessed refrigerated fruits and vegetables |
| 300 | |a 368 p | ||
| 942 | |c BK | ||
| 945 | |d 19951211 00:00:00 |a rleighto | ||
| 260 | |a Nueva York |b Chapman & Hall |c 1994 | ||
| 650 | 0 | |a Alimentos |9 256203 | |
| 650 | 0 | |a Alimentos congelados |9 259336 | |
| 650 | 0 | |a Frutas |9 259500 | |
| 650 | 0 | |a Verduras |9 350549 | |
| 650 | 7 | |a TECNOLOGIA DE ALIMENTOS |2 CL-VaPUC |9 350550 | |
| 650 | 7 | |a INGENIERIA DE LA REFRIGERACION |2 CL-VaPUC |9 350551 | |
| 583 | |a last modification |c 19951211 00:00:00 |k Rodrigo Vera | ||
| 999 | |c 242519 |d 242517 | ||
| 952 | |0 0 |1 0 |4 0 |6 664_850000000000000_WIL_1994 |7 0 |8 A |9 255541 |a BIBALI |b BIBALI |d 2019-11-19 |i 3158985 |o 664.85 WIL 1994 |p 3158985 |r 2025-01-20 |w 2019-11-19 |y BK |k ALI | ||